00677nam a2200241 a 4500001001300000003000900013005001700022008004100039020001000080082001300090100001400103245007000117260004200187300000900229500003500238505001000273650001400283700001400297902000800311942000700319952009400326999001500420nice12345678IN_TiNIC20260116012949.0050524s1895 oxfa grp 000 0 eng  ac10000a229bMOU aMoulton,  aApocryphab Revised Version With the Revised Marginal References. aOxfordbOxford University Pressc1895 a272p aincludes index and biblioraphy2 aIndex aApocrypha1 aMoulton,  bSRS cBK 00104070aHMIbHMId2007-06-21g100.00l0o229 MOUp10570r2007-06-21w2026-01-16yARB c9076d9076